Exercises in spatial thinking : case studies of regional development issues
Αποθηκεύτηκε σε:
| Κύριος συγγραφέας: | |
|---|---|
| Μορφή: | Βιβλίο |
| Γλώσσα: | English |
| Δημοσίευση: |
Aldershot :
Avebury,
1989
|
| Θέματα: | |
| Ετικέτες: |
Προσθήκη ετικέτας
Δεν υπάρχουν, Καταχωρήστε ετικέτα πρώτοι!
|
MARC
| LEADER | 00000nam a2200000 i 4500 | ||
|---|---|---|---|
| 001 | 1/96389 | ||
| 008 | 941014s1988 eng d | ||
| 020 | |a 0-566-05710-7 | ||
| 035 | |l 10010164 | ||
| 040 | |a GR-MY-UA |b gre |e aacr | ||
| 041 | 0 | |a eng | |
| 082 | 0 | |a 338.9 | |
| 100 | 1 | |a Klaassen, Leo Hendrick. | |
| 245 | 1 | 0 | |a Exercises in spatial thinking : |b case studies of regional development issues / |c Leo H. Klaassen |
| 260 | |a Aldershot : |b Avebury, |c 1989 | ||
| 300 | |a 307 p. | ||
| 504 | |a includes index | ||
| 650 | 0 | 0 | |a Regional economics |x Case studies. |
| 650 | 0 | 0 | |a Space in economics |x Case studies. |
| 650 | 0 | 0 | |a Regional planning |x Case studies. |
| 852 | |a INST |b LESVOS |e 19941014 |h 338.9 KLA |p 005100003125 |q 005100003125 |t BK |y 0 | ||
| 909 | |a Λ |b 037228 | ||
| 950 | |a 169-1994-09-06 | ||